| 000 -CABECERA |
| campo de control de longitud fija |
01113nam a22002652a 4500 |
| 001 - NÚMERO DE CONTROL |
| campo de control |
000052376 |
| 005 - FECHA Y HORA DE LA ÚLTIMA TRANSACCIÓN |
| campo de control |
20200120222724.0 |
| 008 - DATOS DE LONGITUD FIJA--INFORMACIÓN GENERAL |
| campo de control de longitud fija |
990715s1996 ck grd 0 0 0 spa d |
| 020 ## - NÚMERO INTERNACIONAL ESTÁNDAR DEL LIBRO |
| Número Internacional Estándar del Libro |
9589289096. |
| 041 0# - CÓDIGO DE LENGUA |
| Código de lengua del texto/banda sonora o título independiente |
spa |
| 043 ## - CÓDIGO DE ÁREA GEOGRÁFICA |
| Código de área geográfica |
s-ck--- |
| 082 04 - NÚMERO DE LA CLASIFICACIÓN DECIMAL DEWEY |
| Número de clasificación |
R 462 |
| Número de documento/Ítem |
S27 |
| Número de edición |
21 |
| 100 1# - ENTRADA PRINCIPAL--NOMBRE DE PERSONA |
| Nombre de persona |
Serna M., J. Alberto, |
| Fechas asociadas al nombre |
1932-. |
| 245 10 - MENCIÓN DE TÍTULO |
| Título |
Cómo enriquecer nuestro vocabulario mediante el estudio de las raíces latinas / |
| Mención de responsabilidad, etc. |
J. Alberto Serna M. |
| 260 ## - PUBLICACIÓN, DISTRIBUCIÓN, ETC. |
| Lugar de publicación, distribución, etc. |
Santafé de Bogotá : |
| Nombre del editor, distribuidor, etc. |
Idioma, |
| Fecha de publicación, distribución, etc. |
1996. |
| 300 ## - DESCRIPCIÓN FÍSICA |
| Extensión |
883 p. |
| 490 0# - MENCIÓN DE SERIE |
| Mención de serie |
Serie de lexicografía, ortografía y redacción |
| Designación de volumen o secuencia |
8 |
| 500 ## - NOTA GENERAL |
| Nota general |
La obra de contenido más sencillo, más completo y pedagógico para las personas que desean dominar la ortografía y enriquecer su vocabulario. |
| 500 ## - NOTA GENERAL |
| Nota general |
Ej. 1 de Biblioparque Funza : Colección proveniente de la antigua Biblioteca Municipal, Centro Cultural Bacatá, Funza (Cundinamarca). |
| 504 ## - NOTA DE BIBLIOGRAFÍA, ETC. |
| Nota de bibliografía, etc. |
Incluye Bibliografia. |
| 650 17 - PUNTO DE ACCESO ADICIONAL DE MATERIA--TÉRMINO DE MATERIA |
| Término de materia o nombre geográfico como elemento de entrada |
Español |
| Subdivisión general |
Etimología |
| Subdivisión de forma |
Manuales. |
| Fuente del encabezamiento o término |
LEMB |
| 650 27 - PUNTO DE ACCESO ADICIONAL DE MATERIA--TÉRMINO DE MATERIA |
| Término de materia o nombre geográfico como elemento de entrada |
Español |
| Subdivisión general |
Vocabulario. |
| Fuente del encabezamiento o término |
LEMB |
| 650 27 - PUNTO DE ACCESO ADICIONAL DE MATERIA--TÉRMINO DE MATERIA |
| Término de materia o nombre geográfico como elemento de entrada |
Español |
| Subdivisión de forma |
Diccionarios. |
| Fuente del encabezamiento o término |
LEMB |
| 650 27 - PUNTO DE ACCESO ADICIONAL DE MATERIA--TÉRMINO DE MATERIA |
| Término de materia o nombre geográfico como elemento de entrada |
Lexicología |
| Subdivisión de forma |
Manuales. |
| Fuente del encabezamiento o término |
LEMB |